000 00819nmm a2200277 a 4500
001 ocm000578289
003 TR-IsHL
005 20201028115909.0
008 130625s2008 tu tur
007 cr cn
020 _a9789753480222
035 _a578289
_b(N$T)
050 0 4 _aPL248.I44
_bH3 2008
090 0 4 _aPL248.I44
_bH3 2008
100 1 _aIlgaz, Rıfat
245 1 0 _aHababam sınıfı
_h[electronic resource] /
_cRıfat Ilgaz
250 _a35. bs.
260 _aİstanbul :
_bÇınar Yayınları,
_c2008
300 _a464 p.
650 4 _aDil ve Edebiyat
650 4 _aLanguage and Literature
650 0 _aTürk mizahı
650 0 _aTurkish humor
650 7 _aFICTION / Humorous
_2bisacsh
856 4 0 _uhttp://search.ebscohost.com/login.aspx?direct=true&scope=site&db=e011xww&AN=578289
999 _c498
_d498